| 000 | 00886nam a22002177a 4500 | ||
|---|---|---|---|
| 999 |
_c15142 _d15142 |
||
| 003 | OSt | ||
| 082 | _2631.587 DHA/FE | ||
| 088 | _aP 224 | ||
| 100 |
_aDHANYA V _93644 |
||
| 245 | _aFeasibility studies on applicability of low cost materials for farm road construction and slope protection | ||
| 260 |
_aTavanur 2011 _bKelappaji College of Agricultural Engineering and Technology |
||
| 300 | _a66 | ||
| 500 | _aFeasibility studies on applicability of low cost materials for farm road construction and slope protection | ||
| 520 | _aFeasibility studies on applicability of low cost materials for farm road construction and slope protection | ||
| 700 |
_aFarooq A. Nizar _93645 |
||
| 700 |
_aRohini R. P _93646 |
||
| 700 |
_aUllas P. K _93647 |
||
| 700 |
_aEr. D Sasikala (Guide) _93648 |
||
| 856 | _uhttps://drive.google.com/open?id=1k54-ZDeeRfTWLBJSsWIVJnivIiPDPbQ3 | ||
| 942 | _cPR | ||